00726nam a22002655i 450000100090000000300050000900500170001400800410003101000170007202000310008902000310012002000260015104000230017704200080020008200170020810000260022524500490025125000090030026300090030926400480031830000130036633600260037933700280040533800270043322881736NUST20250414182302.0221129s2022 inu 000 0 eng  a 2022950780 a9781119912484q(paperback) z9781119912491q(adobe pdf) z9781119912507q(epub) aDLCbengerdacDLC apcc a658.4012 COX1 aCox, Alison,eauthor.10aBusiness Analysis For Dummies /cAlison Cox. a2nd. a2212 1aIndianapolis :bJohn Wiley and Sons,c2022. apages cm atextbtxt2rdacontent aunmediatedbn2rdamedia avolumebnc2rdacarrier